LEADER 01110nam0 2200277 450 001 000014666 005 20080723101958.0 100 $a20080723d1977----km-y0itay50------ba 101 0 $aita 102 $aIT 105 $ay-------001yy 200 1 $aSviluppo economico e strutture finanziarie in Italia$fa cura di Guido Carli 210 $aBologna$cIl Mulino$d1977 215 $a471 p.$d22 cm 225 2 $aStudi e ricerche$v69 300 $aScritti di vari tratti dall'attivitą del gruppo di lavoro su Lo sviluppo economico italiano e le strutture finanziarie atte a sostenerlo, costituito presso l'Ente per gli Studi Monetari, Bancari e Finanziari L. Einaudi di Roma 410 0$12001$aStudi e ricerche$v69 610 1 $aItalia$aEconomia$a1975-1976 676 $a330.945$v18$9Economia dei singoli paesi. Italia 676 $a332.0945$v19$9Economia finanziaria. Italia 702 1$aCarli,$bGuido 801 0$aIT$bUNIPARTHENOPE$c20080723$gRICA$2UNIMARC 912 $a000014666 951 $a310/18$b5140$cNAVA2 996 $aSviluppo economico e strutture finanziarie in Italia$9421187 997 $aUNIPARTHENOPE